ILLIT MVs by Picture - Statistics

General Stats
  • This quiz has been taken 71 times
    70 since last reset
  • The average score is 11 of 12
Answer Stats
Picture Answer % Correct
Jellyous
100%
Magnetic
100%
Billyeoon Goyangi (Do The Dance)
98%
Lucky Girl Syndrome
98%
Not Cute Anymore
98%
Tick-Tack
98%
Cherish (My Love)
97%
Not Me
93%
Sunday Morning
88%
Almond Chocolate
87%
Little Monster
78%
Toki Yo Tomare
78%
No matching quizzes found
Score Distribution
Percent of People with Each Score
Percentile by Number Answered
Your Score History
You have not taken this quiz since the last reset